00648nam a2200217Ia 4500003000400000005001700004008004100021020001900062040000700081041000800088082001500096100002500111245004300136260002000179300000900199650003300208700002700241942001300268999001900281952013000300OSt20251212122433.0250729s2005 xx 000 0 und d a978-8174452733 cAL aeng a372.8 JAII aJain Kavitha9226997 a Introduction of environment education aNew Delhic2005 a220p aEnvironmentEducation9226998 aRao Digumurthi9226999 2ddccBED c237495d237495 00104070aALbALd2025-07-29eSita Book Houseg550.00l0o372.8 JAIIpBED02814r2025-07-29 16:55:47v550.00w2025-07-29yBK